000 00433nam a2200169Ia 4500
005 20250423094750.0
008 250422s9999 xx 000 0 und d
020 _a9781451194371
050 _aRD 81 .C55/
100 _aEdited by Paul G. Barash...[et al.]
245 0 _aClinical anesthesia fundamentals
260 _aPhiladelphia
260 _bLippincott Williams & Wilkins
260 _c2015
300 _a971 p
942 _cBK
999 _c28226
_d28226